<?xml version="1.0" encoding="UTF-8"?>
<collection xmlns:xsi="http://www.w3.org/2001/XMLSchema-instance" xsi:schemaLocation="http://www.loc.gov/MARC21/slim http://www.loc.gov/standards/marcxml/schema/MARC21slim.xsd" xmlns="http://www.loc.gov/MARC21/slim">
 <record>
  <leader>00000ctm a22000003a 4500</leader>
  <controlfield tag="001">UP-8027390931316262388</controlfield>
  <controlfield tag="003">Buklod</controlfield>
  <controlfield tag="005">20160420094231.0</controlfield>
  <controlfield tag="006">a     r    |||| u|</controlfield>
  <controlfield tag="007">ta</controlfield>
  <controlfield tag="008">160420s        xx     d     r    |||| u|</controlfield>
  <datafield tag="035" ind1=" " ind2=" ">
   <subfield code="a">(iLib)UPMIN-00008480448</subfield>
  </datafield>
  <datafield tag="040" ind1=" " ind2=" ">
   <subfield code="a">upmin</subfield>
  </datafield>
  <datafield tag="041" ind1=" " ind2=" ">
   <subfield code="a">eng</subfield>
  </datafield>
  <datafield tag="090" ind1=" " ind2="0">
   <subfield code="a">LG993.2 2011 M21</subfield>
   <subfield code="b">J35</subfield>
  </datafield>
  <datafield tag="100" ind1="1" ind2=" ">
   <subfield code="a">Jalipa, Ana Theresa E.</subfield>
   <subfield code="e">author.</subfield>
  </datafield>
  <datafield tag="245" ind1="0" ind2="0">
   <subfield code="a">Strategic plan for Bios Dynamis Multi-Purpose Cooperative</subfield>
   <subfield code="c">Ana Theresa E. Jalipa.</subfield>
  </datafield>
  <datafield tag="264" ind1=" " ind2="1">
   <subfield code="a">Davao City</subfield>
   <subfield code="b">School of Management, University of the Philippines Mindanao</subfield>
   <subfield code="c">c2011.</subfield>
  </datafield>
  <datafield tag="300" ind1=" " ind2=" ">
   <subfield code="a">x, 54 leaves</subfield>
  </datafield>
  <datafield tag="500" ind1=" " ind2=" ">
   <subfield code="a">Thesis, Graduate (Master in Management)-- University of the Philippines Mindanao, 2011</subfield>
  </datafield>
  <datafield tag="520" ind1=" " ind2=" ">
   <subfield code="a">This strategic paper presents the possible businesses strategies for Bios Dynamic Multi-Purpose Cooperative (BDMPC). It evaluates the external factors of the organic rice industry and presented the strength and weaknesses of the organization. Pertinent data of this paper was gathered through personal interviews with the management team. Secondary data were also use to support this study. BDMPC is an off-shoot of Don Bosco Foundation for Sustainable Development, Inc. (DBFSDI). It was tasked by DBFSDI to manage the Alternative Marketing Services and Alternative Savings and Credit Services. Its role is to generate income for DBFSDI while the foundation furthers its mission. The arrangement is covered by the Management Service contract with specific revenue sharing provisions between DBFSDI and Bios Dynamic MPC. The Internal Factor Evaluation matrix  shows that BDMPC is internally strong. Being the largest producer of organic rice in Mindanao, is one of their strengths. While financial aspect shows promising figures, it is because they are financially dependent with DBFSDI. Liquidity problems surface during harvest time. In addition to that, over supply of palay continues to be a problem. External environment however provides opportunities for them.  Given the complexities involve in the organic food industry, BDMPC should find the perfect market niche for their organic rice. The SWOT Matrix and QSPM discloses that the most suitable strategy for BDMPC is market development. Though it may sound very costly but by adding value in a way that attracts a particular kind of customer, they can steadily build the enterprise? success. Proposed strategies include, opening of specialty stores in Manila area where Class A and B are dominant, adding industry buyers who orders volume of rice for their employees. Massive promotion to increase awareness was also suggested. To be able to achieve this, BDMPC should hire a marketing manager to handle all marketing related concerns. With these strategies it is expected to increase sales of organic rice by 50% for 3-5 years inventories are expected to fall by 30% for the years to come.</subfield>
  </datafield>
  <datafield tag="650" ind1="1" ind2="7">
   <subfield code="a">Strategic plan.</subfield>
  </datafield>
  <datafield tag="658" ind1=" " ind2=" ">
   <subfield code="a">Policy and Strategic Planning</subfield>
   <subfield code="c">M241.</subfield>
  </datafield>
  <datafield tag="700" ind1="1" ind2=" ">
   <subfield code="a">Digal, Larry N.</subfield>
   <subfield code="e">adviser.</subfield>
  </datafield>
  <datafield tag="700" ind1="1" ind2=" ">
   <subfield code="a">Concepcion, Sylvia B.</subfield>
   <subfield code="e">adviser.</subfield>
  </datafield>
  <datafield tag="905" ind1=" " ind2=" ">
   <subfield code="a">FI</subfield>
  </datafield>
  <datafield tag="905" ind1=" " ind2=" ">
   <subfield code="a">UP</subfield>
  </datafield>
  <datafield tag="852" ind1="0" ind2=" ">
   <subfield code="a">UPMIN</subfield>
   <subfield code="b">UPMIN-MAIN</subfield>
   <subfield code="h">LG993.2 2011 M21</subfield>
   <subfield code="i">J35</subfield>
  </datafield>
  <datafield tag="942" ind1=" " ind2=" ">
   <subfield code="a">Thesis</subfield>
  </datafield>
 </record>
</collection>
